| 000 | 00564nam a2200193Ia 4500 | ||
|---|---|---|---|
| 005 | 20250508155650.0 | ||
| 008 | 008 250505s9999 xx 000 0 eng d | ||
| 037 | _aTextual | ||
| 040 |
_aFEDL _beng _cFEDL |
||
| 041 |
_aeng _2eng |
||
| 084 |
_a500, NCE _qFEDL |
||
| 245 | 0 | _aGeneral science for primary schools : A teacher's handbook of activities Vol 3 | |
| 245 | 0 | _cNational Council of Educational Research and Training | |
| 260 | _c1969 | ||
| 300 | _a401p. | ||
| 365 |
_aINR _b4.55 |
||
| 942 |
_cTEXL _h500, NCE |
||
| 999 |
_c1358648 _d1358648 |
||